1004 1509 1881 1967 1004 1694 1981 1089 1936 1294 1580 1182 1969 1182 1186 1661 1763 1178 1082 1047 1859 1178 1165 1682 1695 1535 1548 1864 1474 1306 1886 1852 1136 1291 1174 1304 1080 1873 1750 1347 1530 1720 1598 1593 1630 1732 1866 1163 1612 1219 1794 1819 1006 1119 1245 1200 1347 1853 1504 1016 1344 1648 1330 1210 1266 1728 1954 1935 1238 1715 1520 1259 1836 1813 1557 1473 1578 1110 1933 1851 1750 1259 1126 1663 1247 1849 1294 1635 1220 1469 1277 1678 1063 1763 1108 1194 1192 1562 1647 BCNSPRNW ULIB Ver.6.0+V

เปลี่ยนเป็นภาษาไทย

Change to English
 แสดงรายละเอียดบรรณานุกรม
  กลับหน้าหลัก

Brief Record : Get Marc (ISO 2709) : E-mail record : QR code < ปิดหน้าต่าง
LEADER : 00000nam 2200000uu 4500
001    13399124468
003     ULIB
008    150727s2556||||th 000 0 tha d
020    ^a9786167287935
060  0 ^aWY160^bก451
245 00 ^aการพยาบาลจิตเวช/^cบรรณาธิการ,วีณา เจี๊ยบนา
250    ^aพิมพ์ครั้งที่ 1.
260    ^aกรุงเทพฯ :^bวิทยาลัยพยาบาลสภากาชาดไทย,^c2556.
300    ^a171 หน้า
650  0 ^aการพยาบาลจิตเวช
650  0 ^aจิตเวช^xการพยาบาล
700 0  ^aวีณา เจี๊ยบนา,^eบรรณาธิการ
710 1  ^aวิทยาลัยพยาบาลสภากาชาดไทย.^bภาควิชาการพยาบาลอนามัยชุมชนและจิตเวช.
945    ^p180^l0^i23008
945    ^p180^l0^i23009
945    ^p180^l0^i23010
945    ^p180^l0^i23011
945    ^p180^l0^i23012
999    ^aทศพร เกษรทอง
รายการนี้ยังไม่มีแท็ก
คุณยังไม่ได้ล็อกอิน คุณสามารถมีกิจกรรมร่วมกับเว็บไซต์ได้ แต่ต้องล็อกอินก่อน ::
  ล็อกอิน

รายการสื่อสารสนเทศ

ลำดับที่ ประเภท เลขเรียก/บาร์โค้ด สถานที่ สถานะ
1. Book การพยาบาล
Book การพยาบาล
สถานะ=หนังสือเก่า
WY160 ก451 ฉ.1 
  Barcode: 23008
ห้องสมุดวิทยาเขตนครสวรรค์
►ส่วนจัดเก็บหนังสือเก่า นว.
บนชั้น
  ขอยืม
2. Book การพยาบาล
Book การพยาบาล
สถานะ=หนังสือเก่า
WY160 ก451 ฉ.2 
  Barcode: 23009
ห้องสมุดวิทยาเขตนครสวรรค์
►ส่วนจัดเก็บหนังสือเก่า นว.
บนชั้น
  ขอยืม
3. Book การพยาบาล
Book การพยาบาล
สถานะ=หนังสือเก่า
WY160 ก451 ฉ.3 
  Barcode: 23010
ห้องสมุดวิทยาเขตนครสวรรค์
►ส่วนจัดเก็บหนังสือเก่า นว.
บนชั้น
  ขอยืม
4. Book การพยาบาล
Book การพยาบาล
สถานะ=หนังสือเก่า
WY160 ก451 ฉ.4 
  Barcode: 23011
ห้องสมุดวิทยาเขตนครสวรรค์
►ส่วนจัดเก็บหนังสือเก่า นว.
บนชั้น
  ขอยืม
5. Book การพยาบาล
Book การพยาบาล
สถานะ=หนังสือเก่า
WY160 ก451 ฉ.5 
  Barcode: 23012
ห้องสมุดวิทยาเขตนครสวรรค์
►ส่วนจัดเก็บหนังสือเก่า นว.
บนชั้น
  ขอยืม

รายการใกล้เคียง
    หัวเรื่อง [การพยาบาลจิตเวช]

BibComment


ยังไม่เคยถูกคอมเมนท์

คอมเมนท์ทรัพยากรรายการนี้
  คอมเมนท์: การพยาบาลจิตเวช ..


 Copyright 2026. Bcnsprnw @Library